| 000 | 00699cam a22002534a 4500 | ||
|---|---|---|---|
| 999 |
_c141574 _d141574 |
||
| 003 | UPN | ||
| 005 | 20240228063631.0 | ||
| 008 | 090217s2003 es a r 000 1 spa d | ||
| 020 | _a8426349234 | ||
| 035 | _aUPN01000169468 | ||
| 040 |
_aUPN _bspa _cUPN |
||
| 049 | _aI | ||
| 050 | 4 |
_aPQ6663 A8.3 _bV5.3 2003 |
|
| 100 | 1 |
_aMateos Martín, Pilar, _d1942- _943599 |
|
| 245 | 1 | 3 |
_aEl vidente / _cPilar Mateos ; il. Kike Palomo. |
| 250 | _a2a ed. | ||
| 260 |
_aZaragoza, Esp. : _bEdelvives, _c2003. |
||
| 300 |
_a155 p. : _bil. |
||
| 490 | 0 |
_aAla delta. Verde ; _v19 |
|
| 650 | 4 |
_aLiteratura infantil española _95892 |
|
| 650 | 4 |
_aAdivinación _919450 |
|
| 905 | _aInfantil | ||
| 942 |
_2lcc _cLIBRO |
||